000
00294nam a2200121Ia 4500
008
190216s9999||||xx |||||||||||||| ||und||
100
_a
Sinha. R.K
245
0
_a
Evolution Of Fiscal Federalism In India
260
_b
South Asian Pubs
_c
1981
300
_a
253p
650
_a
Economics
942
_c
BK
999
_c
9551
_d
9551